000 00985nam a2200253 a 4500
001 384
003 BR-CuiBMT
005 20231129142827.0
008 231103s2004 spba 000 0 por d
020 _a8522438552
040 _aBR-CuiBMT
_cBR-CuiBMT
080 _a34:336.2
_22007
090 _a34:336.2
_bC345i
100 1 _aCassone, Vittorio,
_d1939-
245 1 0 _aInterpretação no direito tributário :
_bteoria e prática /
_cVittorio Cassone.
260 _aSão Paulo :
_bAtlas,
_c2004.
300 _a492 p. ;
_c22 cm
500 _aInterpretações adotadas pelo STF ; Interpretação constitucional do direito tributário ; Critérios de interpretação no CTN ; Doutrina nacional e estrangeira ; Estudo de casos práticos.
504 _aInclui índice.
650 _aDireito tributário
_xAspectos constitucionais
_zBrasil
650 _aConstituição federal
_xTributação
_zBrasil
650 _aDireito tributário
_xInterpretação e construção
_zBrasil
942 _2udc
_cLV
999 _c384
_d384